| 000 | 00814nam a2200217 a 4500 | ||
|---|---|---|---|
| 003 | 0 | ||
| 005 | 20250306101712.0 | ||
| 008 | 101013s19uu xx 00 eng d | ||
| 050 |
_aPHS GV 711 _b.B11 2010 |
||
| 100 | _aBahia, Rickey Jr. G. | ||
| 245 |
_aSportsmanship and discipline in competitions of Southville International School and Colleges athletes / _cRickey G. Bahia Jr. |
||
| 260 |
_aLas PiƱas City, Philippines : _bSouthville International School and Colleges, _c2010. |
||
| 300 |
_a36 pages : _billustrations ; _c30 cm. |
||
| 504 | _aIncludes bibliographical references. | ||
| 650 | _aSportsmanship. | ||
| 650 | _aDiscipline in sports. | ||
| 650 |
_aAthletes _xConduct of life. |
||
| 650 |
_aCompetition _xPsychological aspects. |
||
| 650 |
_aSports _xMoral and ethical aspects. |
||
| 942 |
_2lcc _cPASS |
||
| 999 |
_c98462 _d98462 |
||